1993 1042 1481 1841 1574 1663 1358 1059 1157 1377 1044 1041 1310 1061 1173 1946 1661 1574 1328 1953 1651 1650 1573 1979 1819 1721 1836 1179 1187 1835 1258 1527 1768 1060 1516 1998 1629 1175 1357 1932 1510 1038 1416 1491 1458 1964 1105 1635 1592 1970 1709 1273 1615 1539 1603 1147 1123 1458 1403 1141 1274 1578 1596 1253 1909 1294 1190 1955 1017 1777 1964 1734 1109 1625 1140 1374 1872 1796 1165 1655 1272 1691 1518 1266 1138 1155 1967 1189 1080 1589 1581 1637 1916 1921 1482 1154 1526 1216 1490 BCNSPRNW ULIB Ver.6.0+V

เปลี่ยนเป็นภาษาไทย

Change to English
 แสดงรายละเอียดบรรณานุกรม
  กลับหน้าหลัก

Brief Record : Get Marc (ISO 2709) : E-mail record : QR code < ปิดหน้าต่าง
LEADER : 00000nam 2200000uu 4500
001    13399113571
003     ULIB
008    111129s2550||||th 000 0 tha d
020    ^a97464570121(ล.1)
060  4 ^aWA31^bส747ส ล.1 2550
110 1  ^aมหาวิทยาลัยสุโขทัยธรรมาธิราช^bสาขาวิชาวิทยาศาสตร์สุขภาพ
245 00 ^aเอกสารการสอนชุดวิชา สังคมวิทยาและมานุษญวิทยาการแพทย์ หน่วยที่1-5=^bMedical sociology and anthropology /^cมหาวิทยาลัยสุโขทัยธรรมาธิราช
246 0  ^aMedical sociology and anthropology
250    ^aพิมพ์ครั้งที่ 2
260    ^aนนทบุรี:^bศูนย์หนังสือมหาวิทยาลัยสุโขทัยธรรมาธิราช,^c2550
300    ^a233 หน้า
650  7 ^aสังคมวิทยาการแพทย์
650  7 ^aมานุษยวิทยาการแพทย์
945    ^p0^l0^i14643
945    ^p0^l0^i14644
995    ^aกัณชพร
999    ^aใช้งานได้ทุกระบบ
รายการนี้ยังไม่มีแท็ก
คุณยังไม่ได้ล็อกอิน คุณสามารถมีกิจกรรมร่วมกับเว็บไซต์ได้ แต่ต้องล็อกอินก่อน ::
  ล็อกอิน

รายการสื่อสารสนเทศ

ลำดับที่ ประเภท เลขเรียก/บาร์โค้ด สถานที่ สถานะ
- ไม่พบข้อมูล -

รายการใกล้เคียง
    หัวเรื่อง [สังคมวิทยาการแพทย์]
    หัวเรื่อง [มานุษยวิทยาการแพทย์]

BibComment


ยังไม่เคยถูกคอมเมนท์

คอมเมนท์ทรัพยากรรายการนี้
  คอมเมนท์: เอกสารการสอนชุดว..


 Copyright 2026. Bcnsprnw @Library